000 00322nam a22001337a 4500
008 210607b ||||| |||| 00| 0 eng d
041 _aeng
080 _a617
082 _a617
100 _a6
101 _aANE
245 _aPrinciples and Practice of Obstetric Analgesia & Anesthesia
_cJohn J. Bonica
942 _2udc
_cBK
999 _c58034
_d58034